000 00587nam a2200181Ia 4500
008 090124s9999 xx 000 0 und d
082 _b14244
_a3505
100 _aकाळे व.पु. (वसंत पुरुषोत्तम)
245 _a हुंकार
250 _a1
260 _c1964
300 _a148
600 _aकाळे व.पु. (वसंत पुरुषोत्तम)
630 _a हुंकार
700 _aकाळे व.पु. (वसंत पुरुषोत्तम)
730 _a हुंकार
942 _cBOOK
999 _c128184
_d128184